00387nam a22001097a 4500008004100000040005500041080001700096245005200113260005800165650003200223653002200255230615b |||||||| |||| 00| 0 eng d aNational Science LibrarycNational Science Library a62(063) bK5 aSouvenir c/ Institute of Consulting Engineers  aCalcutta: bInstitute of Consulting Engineers, c1965 aForeign exchange position  aMonetary trends